00423nam a2200145 a 450000500170000000800410001702000180005805000190007624500300009526000370012530000260016244000290018865000340021765000260025120140412111340.0031016s19uu xx 00 eng d a81-86214-11-9 aM 403bA1 19_? aABC Picture encyclopedia. aIndia :bMarigold Books,c[n.d.] a1 v. (unp.) p. ; ill. aStartter's Marigold Book aSciences--Juvenile literature aPicture book of words